La fe que me tengas - mvrk, Sneaky wh - Estadísticas

Estadísticas generales
  • Esta prueba ha sido intentada 21 veces
  • La puntuación promedio es 8 de 11
Estadísticas de respuestas
Hint Respuesta % Correcto
Niebla
100%
55 mph
91%
Algo nos olíamos
91%
ft. Dirty Suc Como a un tema mío
73%
Tranqui mamá
73%
Yo jamás
73%
Gusto Fino
64%
Podrías
64%
Si supieras
64%
Tho
64%
Manifestar
45%
No se encontraron pruebas coincidentes
Distribución de puntuación
Porcentaje de gente con cada puntuación
Porcentaje por número respondido
Historial de tus puntuaciones
No has intentado esta prueba.